000 00369nam a22001577a 4500
003 OSt
008 240223b |||||||| |||| 00| 0 eng d
020 _a9781982120634
082 _a306.73
_bURH
100 _aURY,Logan
245 _aHow to Not Die Alone
250 _a1st Ed
260 _aNew York
_bSimon and Schusterr Paperbacks
300 _a337
942 _2ddc
_cBK
999 _c12227
_d12227